Datum a čas kvízu
21.5
Celkem bodů
Celkový počet nahraných bodů na tomto kvízu bez doplňovacích otázek.
9.
Pořadí na kvízu
Konečné umístění týmu na tomto kvízu.
Zaznamenané odpovědi
| # | Otázka | Odpověď | Body | Výsledky |
|---|---|---|---|---|
| 1. | Pro začátek se zeptáme na křes... | Kateřina | 0 | |
| 2. | Který či která z těchto herců... | D | 0 | |
| 3. | Jedno perské přísloví praví, ž... | Jedna ruka netleská | 0 | |
| 4. | „Tady máš pastelky, můžeš si k... | Kolja | 0 | |
| 5. | Do které země se vydají obyvat... | do Itálie | 1 | |
| 6. | Tenké střevo obratlovců dělíme... | kyčelník | 0 | |
| 7. | Kterými třemi písmeny bývá ozn... | A) hCG | 1 | |
| 8. | Clavicula je latinské označení... | klíční kost | 1 | |
| 9. | Zkratka ADHD, označující vývoj... | deficit | 0 | |
| 10. | Babinského reflex je jeden z p... | D | 1 |